[Event "Flint (Beg/5)"]
[Site "?"]
[Date "1992.??.??"]
[Round "?"]
[White "Kamberi, Sonny"]
[Black "Schultz, D."]
[Result "1-0"]
[WhiteElo "1605"]
[BlackElo "1605"]
[PlyCount "123"]
[EventDate "1992.??.??"]

1. e4 e5 2. Nf3 Nc6 3. Bb5 Nf6 4. O-O Bd6 5. c3 a6 6. Ba4 O-O 7. Re1 b5 8. Bc2
Re8 9. d4 Nb8 10. a4 c6 11. axb5 cxb5 12. Nbd2 Bc7 13. d5 d6 14. h3 Rf8 15. Nf1
Ne8 16. g4 f6 17. Ng3 g5 18. Bd3 Bb7 19. Be3 Qd7 20. Kg2 Bd8 21. Rh1 Ng7 22.
Rh2 Kf7 23. Qh1 Rh8 24. Nf5 Nxf5 25. gxf5 Ke8 26. Rg1 Qg7 27. Kf1 h6 28. Rhg2
Nd7 29. Nd2 Nf8 30. h4 Rc8 31. Rh2 Rc7 32. hxg5 fxg5 33. f4 exf4 34. Bxf4 Qf6
35. Bxg5 hxg5 36. Rxh8 b4 37. Qh5+ Kd7 38. Nb1 Be7 39. Rg8 bxc3 40. bxc3 Rxc3
41. Nxc3 Qxc3 42. Qd1 a5 43. Rg3 Ba6 44. Kg2 Qb2+ 45. Qc2 Qb6 46. Bxa6 Qxa6 47.
Qc6+ Qxc6 48. dxc6+ Kxc6 49. R3xg5 Bxg5 50. Rxg5 a4 51. f6 a3 52. Ra5 Kd7 53.
Rxa3 Ke6 54. Rf3 Ke5 55. f7 Kxe4 56. Rg3 Kf4 57. Rg8 Ne6 58. f8=Q+ Nxf8 59.
Rxf8+ Ke5 60. Kf3 d5 61. Ke3 d4+ 62. Kd3 1-0

[Event "Detroit (MOR/7/58)"]
[Site "?"]
[Date "1992.??.??"]
[Round "?"]
[White "Kamberi, Sonny"]
[Black "Ridella, Dennis"]
[Result "1/2-1/2"]
[WhiteElo "1605"]
[BlackElo "1755"]
[PlyCount "80"]
[EventDate "1992.??.??"]

{7/(58)} 1. e4 e5 2. Nf3 Nc6 3. Bb5 a6 4. Ba4 b5 5. Bb3 Be7 6. O-O Nf6 7. Re1
O-O 8. c3 d6 9. h3 Bb7 10. d4 exd4 11. cxd4 h6 12. Nbd2 Nb8 13. Bc2 Nbd7 14.
Nf1 Re8 15. Ng3 Bf8 16. a4 c6 17. Qd3 c5 18. axb5 cxd4 19. bxa6 Nc5 20. Qxd4
Nxa6 21. Bd2 Nc5 22. Rad1 Qc8 23. Bc3 Qc6 24. Nf5 Ncxe4 25. Bxe4 Nxe4 26. Nxh6+
Kh8 27. Nf5 Nxc3 28. Qxc3 Qxc3 29. bxc3 Bxf3 30. gxf3 Rxe1+ 31. Rxe1 g6 32. Ne3
Bg7 33. c4 Ra5 34. f4 Bh6 35. Nd5 Rc5 36. Rc1 Kg8 37. Kg2 Kf8 38. Kg3 Ke8 39.
Rc2 Kd7 40. Re2 Kc6 1/2-1/2

[Event "Detroit (MOR/4/55)"]
[Site "?"]
[Date "1992.??.??"]
[Round "?"]
[White "Kamberi, Sonny"]
[Black "Imai, Toshio"]
[Result "1/2-1/2"]
[WhiteElo "1605"]
[BlackElo "1700"]
[PlyCount "79"]
[EventDate "1992.??.??"]

{4/(55)} 1. e4 e5 2. Nf3 Nc6 3. Bb5 Bc5 4. c3 f5 5. Bxc6 dxc6 6. Nxe5 Nf6 7. d4
Bd6 8. Nxc6 bxc6 9. e5 Qe7 10. O-O O-O 11. exd6 cxd6 12. Bg5 Qf7 13. Nd2 Ne4
14. Bf4 g5 15. Nxe4 fxe4 16. Bxd6 Re8 17. b3 Bf5 18. Re1 Rad8 19. Bc5 h5 20.
Qd2 Qg7 21. Bxa7 Rd7 22. Bc5 Re5 23. b4 Bg6 24. a4 g4 25. a5 h4 26. Qf4 Rf5 27.
Qxg4 Rdf7 28. Qxh4 Rh5 29. Qg3 Qf6 30. a6 Rg5 31. Qe3 Bh5 32. a7 Rxg2+ 33. Kxg2
Bf3+ 34. Kf1 Qg6 35. a8=Q+ Kh7 36. Qxf3 exf3 37. Re8 Qd3+ 38. Ke1 Qxc3+ 39. Kd1
Qd3+ 40. Kc1 1/2-1/2

[Event "East Lansing (MI Am/5)"]
[Site "?"]
[Date "1992.??.??"]
[Round "?"]
[White "Kamberi, Sonny"]
[Black "Imai, Toshio"]
[Result "1-0"]
[WhiteElo "1605"]
[BlackElo "1715"]
[PlyCount "37"]
[EventDate "1992.??.??"]

1. e4 e5 2. Nf3 Nc6 3. Bb5 Bc5 4. c3 f5 5. Bxc6 dxc6 6. Nxe5 fxe4 7. Qh5+ g6 8.
Nxg6 Bxf2+ 9. Kxf2 Nf6 10. Qe5+ Kf7 11. Nxh8+ Qxh8 12. Qxc7+ Bd7 13. Rf1 Ke7
14. Qe5+ Be6 15. Kg1 Rf8 16. b3 Qg8 17. Ba3+ Kd7 18. Qd6+ Kc8 19. Qxf8+ 1-0

[Event "Flint (Beg/2)"]
[Site "?"]
[Date "1992.??.??"]
[Round "?"]
[White "Kamberi, Sonny"]
[Black "Harrison, T."]
[Result "1/2-1/2"]
[WhiteElo "1605"]
[BlackElo "1605"]
[PlyCount "68"]
[EventDate "1992.??.??"]

1. e4 c5 2. Nf3 Nc6 3. d4 Nxd4 4. Nxd4 cxd4 5. Qxd4 Qb6 6. Qxb6 axb6 7. Nc3 e6
8. Nb5 Ra4 9. Bd3 Nf6 10. Bg5 Be7 11. f3 h6 12. Bd2 Bb4 13. c3 Be7 14. b3 Ra3
15. Nxa3 Bxa3 16. b4 d5 17. Rb1 dxe4 18. Bxe4 O-O 19. Rb3 Nxe4 20. fxe4 Bxb4
21. Rxb4 Bd7 22. O-O Ra8 23. Rxb6 Rxa2 24. Bf4 Bc6 25. Re1 Ra4 26. Rb4 Ra3 27.
Re3 Ra1+ 28. Kf2 Ra2+ 29. Kg3 f6 30. Bc7 g5 31. Kh3 h5 32. Bd8 Kf7 33. Rg3 Re2
34. e5 Be4 1/2-1/2

[Event "Flint (Beg/2)"]
[Site "?"]
[Date "1992.??.??"]
[Round "?"]
[White "Juska, K."]
[Black "Spencer, Gordon"]
[Result "1-0"]
[WhiteElo "1605"]
[BlackElo "1605"]
[PlyCount "75"]
[EventDate "1992.??.??"]

1. e4 c5 2. Nf3 Nc6 3. c3 e6 4. d4 d5 5. exd5 exd5 6. Bb5 Bd7 7. O-O Bd6 8.
Re1+ Nge7 9. dxc5 Bxc5 10. Qxd5 Bxf2+ 11. Kxf2 Qb6+ 12. Kf1 Be6 13. Bxc6+ bxc6
14. Qd4 Qb5+ 15. Kg1 Nf5 16. Qc4 Qb6+ 17. Kh1 O-O 18. Qe2 Rfe8 19. b4 h6 20.
Be3 Qc7 21. Nbd2 Re7 22. Bc5 Nd6 23. Nd4 Rae8 24. Nxe6 Rxe6 25. Qf2 Nb5 26.
Rxe6 Rxe6 27. Bd4 a6 28. Re1 Rg6 29. Nf3 a5 30. bxa5 Nxd4 31. cxd4 Qxa5 32. h3
Rf6 33. Re8+ Kh7 34. Qc2+ g6 35. Qb2 g5 36. d5 Rd6 37. Rh8+ Kg6 38. Rg8+ 1-0

[Event "Flint (Beg/4)"]
[Site "?"]
[Date "1992.??.??"]
[Round "?"]
[White "Juska, K."]
[Black "Kamberi, Sonny"]
[Result "1/2-1/2"]
[WhiteElo "1605"]
[BlackElo "1605"]
[PlyCount "85"]
[EventDate "1992.??.??"]

1. d4 Nf6 2. c4 g6 3. Nc3 Bg7 4. Nf3 d6 5. Bg5 O-O 6. h3 Nbd7 7. e3 h6 8. Bxf6
Nxf6 9. Bd3 Nh7 10. Qc2 c6 11. O-O Qe8 12. Rfe1 e5 13. Rac1 f5 14. Nd2 e4 15.
Be2 Qe7 16. Rf1 Qg5 17. Kh2 Bd7 18. Nd1 Rae8 19. f3 d5 20. f4 Qe7 21. cxd5 cxd5
22. Qb3 Bc6 23. Nc3 Qd7 24. Bb5 Nf6 25. Bxc6 bxc6 26. Qa3 Rb8 27. b3 Rfc8 28.
Na4 Bf8 29. Nc5 Qe7 30. Rc2 Nd7 31. Qxa7 Nxc5 32. Qxe7 Bxe7 33. dxc5 Bf6 34.
Re1 g5 35. g3 h5 36. Nb1 g4 37. h4 Rd8 38. Rd2 Rb7 39. Kg2 Ra7 40. Kf2 Ra5 41.
Rc1 Rb8 42. Ke2 Kf7 43. Kf2 1/2-1/2

[Event "Flint (Class A/2)"]
[Site "?"]
[Date "1992.??.??"]
[Round "?"]
[White "June, Brian"]
[Black "Walker, Douglas"]
[Result "0-1"]
[WhiteElo "1820"]
[BlackElo "1845"]
[PlyCount "60"]
[EventDate "1992.??.??"]

1. d4 d5 2. Nf3 Nf6 3. e3 c6 4. Bd3 e6 5. Nbd2 Be7 6. O-O Nbd7 7. Qe2 O-O 8. e4
c5 9. c3 dxe4 10. Nxe4 Nxe4 11. Qxe4 Nf6 12. Qh4 cxd4 13. cxd4 g6 14. Bg5 Nd5
15. Rfe1 f6 16. Bh6 Rf7 17. Rad1 Bd7 18. Qg3 Bf8 19. Bxf8 Qxf8 20. h4 Rg7 21.
Nd2 Rd8 22. Ne4 Bc8 23. Nc5 Qd6 24. Nxe6 Bxe6 25. Qf3 Kh8 26. h5 gxh5 27. Qxh5
Bg4 28. Re8+ Rxe8 29. Qxe8+ Rg8 30. Qe4 f5 0-1

[Event "Detroit (MI Op/1a/19)"]
[Site "?"]
[Date "1992.??.??"]
[Round "?"]
[White "June, Brian"]
[Black "Strugach, A."]
[Result "0-1"]
[WhiteElo "1820"]
[BlackElo "2100"]
[PlyCount "118"]
[EventDate "1992.??.??"]

1. d4 Nf6 2. Nf3 e6 3. e3 d5 4. Bd3 Be7 5. Nbd2 O-O 6. O-O c5 7. b3 Nc6 8. Bb2
cxd4 9. exd4 b6 10. Ne5 Nxe5 11. dxe5 Nd7 12. Nf3 Nc5 13. Be2 Ba6 14. Bxa6 Nxa6
15. Qe2 Nc5 16. Rfd1 Qc7 17. Rac1 Qb7 18. c4 Rfd8 19. cxd5 exd5 20. g3 Ne6 21.
Nd4 Rac8 22. Qg4 Nxd4 23. Bxd4 Bc5 24. e6 fxe6 25. Qxe6+ Qf7 26. Qxf7+ Kxf7 27.
Kf1 Bxd4 28. Rxc8 Rxc8 29. Rxd4 Rc1+ 30. Ke2 Ke6 31. Rd2 Ke5 32. Kd3 d4 33. f4+
Kd5 34. Re2 Rd1+ 35. Rd2 Rxd2+ 36. Kxd2 Ke4 37. Ke2 d3+ 38. Kd2 Kd4 39. f5 Ke4
40. g4 Kf4 41. h3 Ke4 42. b4 b5 43. a3 h6 44. Kd1 Kf3 45. Kd2 Kg3 46. Kxd3 Kxh3
47. Kd4 Kxg4 48. Kc5 h5 49. Kxb5 h4 50. Ka6 h3 51. a4 h2 52. a5 h1=Q 53. Kxa7
Qg1+ 54. Kb7 Qe1 55. a6 Qxb4+ 56. Ka8 Qa5 57. a7 Kxf5 58. Kb7 g5 59. a8=Q Qxa8+
0-1

[Event "Lansing (Aug)"]
[Site "?"]
[Date "1992.??.??"]
[Round "?"]
[White "June, Brian"]
[Black "Stockham, James"]
[Result "1-0"]
[WhiteElo "1820"]
[BlackElo "1730"]
[PlyCount "69"]
[EventDate "1992.??.??"]

1. d4 d5 2. Nf3 c6 3. e3 Nf6 4. Bd3 Bg4 5. Nbd2 Nbd7 6. c4 e6 7. Qb3 Qb6 8. O-O
Be7 9. Re1 O-O 10. Qc2 Bh5 11. a3 Bg6 12. b4 Rac8 13. c5 Qc7 14. Bb2 Rfe8 15.
a4 Bxd3 16. Qxd3 a6 17. b5 axb5 18. axb5 cxb5 19. Qxb5 Qc6 20. Qxc6 bxc6 21.
Ra7 Ra8 22. Rea1 Rxa7 23. Rxa7 Rb8 24. Bc3 Bd8 25. g3 Kf8 26. Ne1 Ke8 27. Nc2
Rc8 28. Nb4 Nb8 29. Nb3 Nfd7 30. Nd3 h5 31. Ba5 Bxa5 32. Nxa5 g6 33. Nb7 Kf8
34. Nd6 Rd8 35. Nb4 1-0

[Event "East Lansing (MI Am/4)"]
[Site "?"]
[Date "1992.??.??"]
[Round "?"]
[White "June, Brian"]
[Black "Skidmore, Jennifer"]
[Result "1/2-1/2"]
[WhiteElo "1785"]
[BlackElo "1920"]
[PlyCount "89"]
[EventDate "1992.??.??"]

1. d4 d5 2. Nf3 Bf5 3. c4 e6 4. Nc3 c6 5. Qb3 Qc8 6. Bf4 Nf6 7. cxd5 exd5 8.
Rc1 Nbd7 9. Nb5 Nh5 10. Bd6 a6 11. Bxf8 axb5 12. Bd6 Nhf6 13. g3 Qd8 14. Bg2
Qa5+ 15. Bb4 Qxa2 16. Qe3+ Be6 17. O-O Nb6 18. Bh3 Nc4 19. Rxc4 Qxc4 20. Bc5
Ne4 21. Bxe6 fxe6 22. Ng5 Nxc5 23. dxc5 d4 24. Qe5 O-O 25. Nxe6 Rf7 26. Nxd4
Rd8 27. Nf5 Rfd7 28. Nd6 Qg4 29. Rd1 Qg6 30. Rd3 h6 31. f4 b6 32. b4 bxc5 33.
bxc5 Qf6 34. Re3 Qxe5 35. Rxe5 Rxd6 36. cxd6 Rxd6 37. Re7 Kf8 38. Rb7 Rd2 39.
Kf2 Rb2 40. Rc7 Rc2 41. Ke3 b4 42. Kd3 Rc3+ 43. Kd2 c5 44. Rb7 Ra3 45. Rb5
1/2-1/2

[Event "East Lansing (MI Am/1)"]
[Site "?"]
[Date "1992.??.??"]
[Round "?"]
[White "June, Brian"]
[Black "Rosebrook, G."]
[Result "1-0"]
[WhiteElo "1785"]
[BlackElo "1605"]
[PlyCount "47"]
[EventDate "1992.??.??"]

1. d4 Nf6 2. Nf3 e6 3. e3 g6 4. Be2 Bg7 5. c4 O-O 6. Nc3 a6 7. O-O Re8 8. e4 d6
9. Bg5 e5 10. dxe5 dxe5 11. Qxd8 Rxd8 12. Nxe5 Re8 13. f4 Nxe4 14. Nxe4 f6 15.
Bxf6 Bf5 16. Bxg7 Kxg7 17. Ng3 Nc6 18. Nxc6 bxc6 19. Nxf5+ gxf5 20. Bf3 Re6 21.
Rad1 Kg6 22. Rd7 Ra7 23. Kf2 a5 24. Re1 1-0

[Event "Flint (Class A/5)"]
[Site "?"]
[Date "1992.??.??"]
[Round "?"]
[White "June, Brian"]
[Black "Robbins, Fred"]
[Result "1/2-1/2"]
[WhiteElo "1820"]
[BlackElo "1875"]
[PlyCount "189"]
[EventDate "1992.??.??"]

1. d4 Nf6 2. Nf3 g6 3. c4 Bg7 4. Nc3 O-O 5. Bf4 d6 6. h3 Nbd7 7. e3 c5 8. Be2
a6 9. O-O b6 10. Qb3 cxd4 11. exd4 Bb7 12. Rad1 Ne4 13. Nxe4 Bxe4 14. Rfe1 Bc6
15. d5 Nc5 16. Qe3 Bd7 17. Bh6 e5 18. dxe6 Bxe6 19. Bxg7 Kxg7 20. Qd4+ Kg8 21.
Qxd6 Qxd6 22. Rxd6 Rab8 23. Ng5 Rfe8 24. Nxe6 Rxe6 25. Rxe6 Nxe6 26. Bg4 Nc5
27. Bf3 Kf8 28. Rd1 Ke7 29. b3 Rd8 30. Kf1 Rxd1+ 31. Bxd1 a5 32. Bc2 h6 33. Ke2
Ke6 34. Ke3 g5 35. Kd4 Kd6 36. g3 f6 37. a3 Ne6+ 38. Kc3 Ke5 39. Bg6 f5 40. Bf7
Nc7 41. b4 axb4+ 42. axb4 f4 43. Kd3 fxg3 44. fxg3 Na6 45. Kc3 Kd6 46. Bd5 Nc7
47. Kd4 Na6 48. Kc3 Nc7 49. Bf3 Na6 50. Bb7 Nc7 51. Kd4 Ne6+ 52. Ke4 Ng7 53. g4
Ne6 54. Kf5 Nf4 55. Kf6 Nd3 56. Bg2 Nxb4 57. Kg6 Ke5 58. Kxh6 Kf6 59. Kh7 Nd3
60. Kg8 Nf4 61. Bf1 Ng6 62. Kh7 Ne5 63. Be2 Nf7 64. Bf3 Ne5 65. Bd5 Nd3 66. Kg8
Nf4 67. Bf3 Nxh3 68. Kf8 Nf4 69. Ke8 Ke6 70. Kd8 Kd6 71. Kc8 Kc5 72. Kb7 Ng6
73. Be2 Ne5 74. Kc7 Nxc4 75. Kd7 b5 76. Ke6 b4 77. Kf5 Kd4 78. Kxg5 b3 79. Bd1
b2 80. Bc2 Kc3 81. Bb1 Na3 82. Ba2 Kd4 83. Kf6 Nb5 84. Bb1 Nc3 85. Bc2 Nd5+ 86.
Kg5 Ke5 87. Bb1 Nf4 88. Bc2 Ne6+ 89. Kh4 Kf4 90. Kh3 Kg5 91. Kg3 Nf8 92. Kf3
Nd7 93. Ke3 Ne5 94. Kd4 Nxg4 95. Kc3 1/2-1/2

[Event "East Lansing (MI Am/3)"]
[Site "?"]
[Date "1992.??.??"]
[Round "?"]
[White "June, Brian"]
[Black "Neely, Richard"]
[Result "1-0"]
[WhiteElo "1785"]
[BlackElo "1605"]
[PlyCount "67"]
[EventDate "1992.??.??"]

1. d4 Nf6 2. Nf3 d6 3. e3 g6 4. c4 Bg7 5. Nc3 O-O 6. Be2 Nbd7 7. O-O a6 8. e4
Nb6 9. h3 c6 10. Bf4 d5 11. cxd5 cxd5 12. e5 Ne4 13. Qb3 Be6 14. Rac1 Rc8 15.
Ng5 Nxc3 16. Rxc3 Nc4 17. Nxe6 fxe6 18. Bc1 b5 19. Bg4 Rc6 20. Qd1 Qb6 21. b3
b4 22. Rc2 Na3 23. Bxa3 bxa3 24. Rxc6 Qxc6 25. Qc1 Qb6 26. Qc5 Qxc5 27. dxc5
Bxe5 28. Bxe6+ Kg7 29. Bxd5 Bd4 30. c6 Bb6 31. Bf3 Bc7 32. Rd1 Bd6 33. Bg4 h5
34. Rxd6 1-0

[Event "Detroit (MI Op/5/27)"]
[Site "?"]
[Date "1992.??.??"]
[Round "?"]
[White "June, Brian"]
[Black "Moody, David"]
[Result "1-0"]
[WhiteElo "1830"]
[BlackElo "2000"]
[PlyCount "27"]
[EventDate "1992.??.??"]

{5/(27)} 1. d4 Nf6 2. Nf3 g6 3. c4 Bg7 4. Nc3 O-O 5. Bf4 d6 6. h3 Nbd7 7. e3
Nh5 8. Bh2 e5 9. dxe5 Nxe5 10. Be2 Be6 11. Nxe5 Bxe5 12. Bxh5 gxh5 13. Qxh5
Bxc4 14. Qg4+ 1-0

[Event "Ann Arbor (HVA/2/6)"]
[Site "?"]
[Date "1992.??.??"]
[Round "?"]
[White "June, Brian"]
[Black "Lewis, C."]
[Result "1-0"]
[WhiteElo "1880"]
[BlackElo "1680"]
[PlyCount "59"]
[EventDate "1992.??.??"]

{2/(6)} 1. d4 Nf6 2. Nf3 g6 3. Bf4 b6 4. c4 Bb7 5. Nc3 Bg7 6. e3 d6 7. Be2 O-O
8. h3 Nbd7 9. O-O c5 10. Re1 e5 11. dxe5 dxe5 12. Nxe5 Nxe5 13. Bxe5 Qc8 14.
Bf3 Rd8 15. Qe2 Bxf3 16. Qxf3 Qe6 17. Bxf6 Bxf6 18. Nd5 Be5 19. Rad1 Rac8 20.
Rd2 Rd7 21. Red1 Rcd8 22. b3 Kg7 23. Qe2 h5 24. Rd3 b5 25. f4 bxc4 26. bxc4 Bf6
27. Nxf6 Rxd3 28. Nxh5+ gxh5 29. Rxd3 Rxd3 30. Qxd3 1-0

[Event "Lansing (Aug)"]
[Site "?"]
[Date "1992.??.??"]
[Round "?"]
[White "June, Brian"]
[Black "Imai, Toshio"]
[Result "1-0"]
[WhiteElo "1820"]
[BlackElo "1700"]
[PlyCount "41"]
[EventDate "1992.??.??"]

1. d4 Nf6 2. Nf3 c5 3. e3 b6 4. Bd3 Bb7 5. Nbd2 Nc6 6. a3 Qc7 7. Qe2 d6 8. c4
cxd4 9. exd4 e5 10. d5 Ne7 11. O-O Ng6 12. Ne4 Be7 13. Bd2 Nd7 14. Rfe1 f5 15.
Neg5 Nc5 16. Bxf5 Bc8 17. Ne6 Nxe6 18. dxe6 O-O 19. Qd3 Rf6 20. Bg5 Rxe6 21.
Qd5 1-0

[Event "Ann Arbor (HVA/4/5)"]
[Site "?"]
[Date "1992.??.??"]
[Round "?"]
[White "June, Brian"]
[Black "Harlan, K."]
[Result "1-0"]
[WhiteElo "1880"]
[BlackElo "1670"]
[PlyCount "53"]
[EventDate "1992.??.??"]

{4/(5)} 1. d4 Nf6 2. Nf3 d5 3. Bf4 e6 4. e3 c5 5. c3 Nc6 6. Bd3 h6 7. Nbd2 Nh5
8. Bg3 Nxg3 9. hxg3 c4 10. Bc2 Bd6 11. Qe2 Qe7 12. e4 Bd7 13. e5 Bc7 14. b3
cxb3 15. axb3 O-O 16. Qd3 f5 17. exf6 Qxf6 18. Qh7+ Kf7 19. Nh4 Rh8 20. Qd3 e5
21. dxe5 Qxe5+ 22. Kd1 Ne7 23. Re1 Qh5+ 24. Ndf3 Rhe8 25. Qh7 Qg4 26. Kd2 Bb6
27. Ne5+ 1-0

[Event "Detroit (MI Op/3/26)"]
[Site "?"]
[Date "1992.??.??"]
[Round "?"]
[White "June, Brian"]
[Black "Calton, Bill"]
[Result "1-0"]
[WhiteElo "1820"]
[BlackElo "2045"]
[PlyCount "67"]
[EventDate "1992.??.??"]

{3/(26)} 1. d4 c6 2. Nf3 d5 3. e3 Nf6 4. Bd3 Bg4 5. Nbd2 Nbd7 6. O-O e5 7. dxe5
Nxe5 8. Be2 Nxf3+ 9. Nxf3 Bd6 10. b3 Qc7 11. h3 Bd7 12. Bb2 Ne4 13. Qd4 Bc5 14.
Qe5+ Qxe5 15. Nxe5 Be6 16. c4 O-O-O 17. cxd5 Rxd5 18. Bf3 Rd2 19. Bc1 Rd5 20.
Nxc6 Bf5 21. Nd4 Bxd4 22. exd4 Kb8 23. Bf4+ Ka8 24. g4 Bg6 25. Rac1 Rxd4 26.
Rc7 a6 27. Rfc1 Rd3 28. Be3 Rb8 29. Re7 Ng5 30. Bg2 Ne6 31. Rxb7 Rxe3 32. Rxf7+
Re4 33. Re7 Rb7 34. Bxe4 1-0

[Event "Flint (Class DE/3)"]
[Site "?"]
[Date "1992.??.??"]
[Round "?"]
[White "Jubinski, J."]
[Black "Patterson, S."]
[Result "1-0"]
[WhiteElo "1605"]
[BlackElo "1605"]
[PlyCount "63"]
[EventDate "1992.??.??"]

1. c4 e5 2. Nc3 Nf6 3. Nf3 Nc6 4. g3 Bb4 5. Bg2 d6 6. O-O Be6 7. d3 h6 8. Bd2
a6 9. a3 Ba5 10. b4 Bb6 11. Be3 Nd4 12. Bxd4 exd4 13. Na4 Ba7 14. c5 O-O 15.
Nxd4 dxc5 16. Nxe6 fxe6 17. Nxc5 Qc8 18. Bxb7 Qb8 19. Bxa8 Qxa8 20. Nxe6 Rf7
21. Qb3 Kh8 22. Rac1 Nd5 23. Nc5 Rf5 24. e4 Rg5 25. exd5 Rxd5 26. Rfe1 Kh7 27.
Qc2 g6 28. Re7+ Kg8 29. Rxc7 Bb6 30. Rd7 Re5 31. Qc4+ Kf8 32. Qf7# 1-0

[Event "Flint (Class DE/2)"]
[Site "?"]
[Date "1992.??.??"]
[Round "?"]
[White "Jubinski, J."]
[Black "Mihelich, John"]
[Result "1-0"]
[WhiteElo "1605"]
[BlackElo "1605"]
[PlyCount "75"]
[EventDate "1992.??.??"]

1. c4 e5 2. Nc3 Nf6 3. g3 Bc5 4. Bg2 c6 5. Nf3 d6 6. O-O Be6 7. d3 Nbd7 8. Be3
Bxe3 9. fxe3 Qc7 10. Ng5 h6 11. Nxe6 fxe6 12. d4 h5 13. Ne4 Ng4 14. Qd3 O-O-O
15. Bh3 d5 16. cxd5 exd5 17. Ng5 e4 18. Qa3 Kb8 19. Nf7 Ndf6 20. Nxd8 Qxd8 21.
Bxg4 Nxg4 22. Rf7 Nf6 23. Qb4 Nd7 24. Rxg7 h4 25. Qd6+ Kc8 26. gxh4 Rg8 27.
Rxg8 Qxg8+ 28. Qg3 Qe6 29. Rf1 c5 30. dxc5 Nxc5 31. Rf8+ Kd7 32. Qg7+ Kc6 33.
Rf6 Qxf6 34. Qxf6+ Kb5 35. Qd8 Kc6 36. b4 Ne6 37. Qf6 Kd6 38. h5 1-0

[Event "Flint (Class B/3)"]
[Site "?"]
[Date "1992.??.??"]
[Round "?"]
[White "Jordan, Willie"]
[Black "Foord, Allan"]
[Result "1-0"]
[WhiteElo "1675"]
[BlackElo "1745"]
[PlyCount "79"]
[EventDate "1992.??.??"]

1. e4 c5 2. Nf3 d6 3. Be2 Nf6 4. d3 Nc6 5. O-O e6 6. Re1 Be7 7. Nfd2 d5 8. exd5
exd5 9. Nf1 Nd4 10. c3 Nxe2+ 11. Qxe2 Be6 12. Na3 O-O 13. Bf4 a6 14. Nc2 Re8
15. Be5 Ng4 16. d4 Nxe5 17. dxe5 b5 18. f4 Qd7 19. Nfe3 Rad8 20. Rad1 Qc8 21.
Qf3 d4 22. cxd4 cxd4 23. Nxd4 Bxa2 24. Rc1 Qd7 25. Nc6 Rc8 26. Red1 Qb7 27.
Nxe7+ Qxe7 28. Nf5 Qa7+ 29. Kh1 Rxc1 30. Rxc1 Be6 31. Nd6 Rf8 32. f5 Ba2 33.
Qg3 Qd4 34. f6 g6 35. Qg5 Kh8 36. h3 Qxb2 37. Qh6 Rg8 38. Re1 Bd5 39. Re4 Bxe4
40. Nxf7# 1-0

[Event "Flint (Class B/5)"]
[Site "?"]
[Date "1992.??.??"]
[Round "?"]
[White "Jordan, Willie"]
[Black "Fiedler, Robert"]
[Result "0-1"]
[WhiteElo "1675"]
[BlackElo "1755"]
[PlyCount "54"]
[EventDate "1992.??.??"]

1. e4 c5 2. Nf3 d6 3. d4 cxd4 4. Nxd4 Nf6 5. Nc3 g6 6. Be3 Bg7 7. Bc4 O-O 8. f3
Nc6 9. Qe2 Ne5 10. Bb3 Nfd7 11. f4 Nc6 12. Nxc6 bxc6 13. f5 Ne5 14. fxg6 hxg6
15. Qd2 Bg4 16. h3 Be6 17. Bxe6 fxe6 18. O-O-O Nc4 19. Qd3 Nxe3 20. Qxe3 Kh7
21. g4 Qb6 22. Qd3 Rab8 23. b3 Qb4 24. Na4 Qa3+ 25. Kb1 Rb4 26. c3 Rxa4 27.
bxa4 Rb8+ 0-1

[Event "Flint (Class B/1)"]
[Site "?"]
[Date "1992.??.??"]
[Round "?"]
[White "Jordan, Willie"]
[Black "Anderson, Connie"]
[Result "1-0"]
[WhiteElo "1675"]
[BlackElo "1770"]
[PlyCount "103"]
[EventDate "1992.??.??"]

1. e4 e5 2. Nf3 Nf6 3. Nxe5 d6 4. Nf3 Nxe4 5. Bc4 Be7 6. d3 Nf6 7. Nc3 O-O 8.
Be3 a6 9. d4 Bg4 10. h3 Bf5 11. Qd2 Nbd7 12. Bd3 Bxd3 13. Qxd3 c5 14. d5 b5 15.
a3 Qa5 16. O-O Qc7 17. Ng5 Ne5 18. Qd1 Qd7 19. Nge4 Qf5 20. Ng3 Qd7 21. b3 Rfe8
22. Re1 a5 23. Bxc5 dxc5 24. Rxe5 Bd6 25. Rxe8+ Rxe8 26. Qd3 Bxg3 27. fxg3 b4
28. Na4 Qd6 29. c4 bxc3 30. Nxc3 Qb6 31. Qc4 Qd6 32. Rd1 h6 33. Qf4 Qb6 34. Qc4
Rd8 35. Rd3 Nd7 36. Re3 Qf6 37. Kh2 Rc8 38. Qb5 Qd8 39. d6 Rb8 40. Qc4 Qf6 41.
Qd5 Qd4 42. Re7 Qxc3 43. Qxf7+ Kh7 44. Qf5+ Kh8 45. Qxd7 Rf8 46. Qe6 Qf6 47. d7
a4 48. bxa4 c4 49. Qxf6 Rxf6 50. Re8+ Kh7 51. d8=Q c3 52. Qd3+ 1-0

[Event "East Lansing (MI Am/2)"]
[Site "?"]
[Date "1992.??.??"]
[Round "?"]
[White "Jones, M."]
[Black "Ball, Ed"]
[Result "0-1"]
[WhiteElo "1605"]
[BlackElo "1935"]
[PlyCount "61"]
[EventDate "1992.??.??"]

1. e4 f5 2. exf5 Nf6 3. Nc3 d5 4. d4 Bxf5 5. Nf3 c5 6. dxc5 Nc6 7. Bf4 a6 8.
Bd3 Bg4 9. h3 Bxf3 10. Qxf3 e5 11. O-O-O exf4 12. Rhe1+ Be7 13. Bc4 dxc4 14.
Rxd8+ Rxd8 15. Qxf4 O-O 16. Qxc4+ Kh8 17. b4 Rd4 18. Qe6 Rxb4 19. g4 Bxc5 20.
g5 Rd4 21. gxf6 Ba3+ 22. Kb1 Rb4+ 23. Ka1 Bb2+ 24. Kb1 Bxc3+ 25. Kc1 Bxe1 26.
fxg7+ Kxg7 27. Qxe1 Rbf4 28. Qc3+ R8f6 29. Qg3+ Kf8 30. h4 Rxf2 31. Qb8+ 0-1

[Event "Lansing (Aug)"]
[Site "?"]
[Date "1992.??.??"]
[Round "?"]
[White "Jones, Linston"]
[Black "Eck, J."]
[Result "1-0"]
[WhiteElo "1665"]
[BlackElo "1605"]
[PlyCount "103"]
[EventDate "1992.??.??"]

1. e4 e5 2. Nf3 Nc6 3. Bb5 Nf6 4. d3 Be7 5. Bxc6 bxc6 6. Nxe5 Bb7 7. Nf3 d6 8.
c4 Rb8 9. Nc3 c5 10. Qa4+ c6 11. Qxa7 O-O 12. Qa4 Qd7 13. Qd1 h6 14. O-O d5 15.
cxd5 cxd5 16. e5 Nh7 17. d4 f6 18. exf6 Rxf6 19. Be3 Ba6 20. Re1 cxd4 21. Bxd4
Re6 22. b3 Rxe1+ 23. Qxe1 Bd6 24. Be5 Re8 25. Qe3 Bxe5 26. Nxe5 Qf5 27. Re1 Nf6
28. h3 Bd3 29. Qxd3 Rxe5 30. Qxf5 Rxf5 31. Rd1 Kf7 32. b4 Rf4 33. a3 Ke6 34. f3
Rc4 35. Ne2 Ke5 36. Rc1 Nd7 37. Rxc4 dxc4 38. Kf2 Nb6 39. Ke3 g5 40. Nc3 Nc8
41. a4 Nd6 42. g4 h5 43. a5 hxg4 44. hxg4 Nc8 45. b5 Kd6 46. Kd4 Ke6 47. Kxc4
Ke5 48. Ne4 Kf4 49. b6 Kxf3 50. Nxg5+ Kxg4 51. Nf7 Kh5 52. b7 1-0

[Event "Detroit (MOR/7/77)"]
[Site "?"]
[Date "1992.??.??"]
[Round "?"]
[White "Jointer, William"]
[Black "Wright, Ken"]
[Result "1-0"]
[WhiteElo "1700"]
[BlackElo "1605"]
[PlyCount "71"]
[EventDate "1992.??.??"]

{7/(77)} 1. e4 c5 2. Nf3 Nc6 3. d4 e6 4. Bg5 f6 5. d5 exd5 6. exd5 fxg5 7. dxc6
bxc6 8. Nc3 Be7 9. Ne5 Nf6 10. Bc4 d5 11. Nxc6 Qd6 12. Bxd5 Nxd5 13. Qxd5 Qe6+
14. Qxe6 Bxe6 15. O-O-O Kf7 16. Rhe1 Rhe8 17. Nd5 Bxd5 18. Rxd5 h6 19. Nxe7
Rxe7 20. Rf5+ Kg6 21. Rxg5+ Kxg5 22. Rxe7 Kf6 23. Rc7 Re8 24. Rxc5 Re2 25. Rc8
Re7 26. Rf8+ Kg5 27. b4 Rb7 28. a3 Re7 29. Kb2 Rb7 30. Kb3 a5 31. c4 axb4 32.
axb4 Rd7 33. c5 Rd3+ 34. Kc4 Rd1 35. c6 Rc1+ 36. Kb5 1-0

[Event "Flint (Class B/4)"]
[Site "?"]
[Date "1992.??.??"]
[Round "?"]
[White "Jointer, William"]
[Black "Stockman, David"]
[Result "1/2-1/2"]
[WhiteElo "1700"]
[BlackElo "1720"]
[PlyCount "76"]
[EventDate "1992.??.??"]

1. e4 e6 2. d4 d5 3. e5 c5 4. c3 Nc6 5. Nf3 Qb6 6. a3 cxd4 7. cxd4 f6 8. Nc3
fxe5 9. dxe5 Nge7 10. Be2 Ng6 11. Bb5 Bc5 12. O-O Bd7 13. Bxc6 Bxc6 14. b4 Be7
15. Re1 O-O 16. Be3 Qc7 17. Bd4 Qd7 18. Rc1 a5 19. Na2 axb4 20. Nxb4 Rxa3 21.
Nd3 Nf4 22. Nc5 Qe8 23. Qc2 Nxg2 24. Kxg2 Raxf3 25. Nxe6 R8f5 26. Kf1 Bb5+ 27.
Re2 Bxe2+ 28. Qxe2 Bh4 29. Kg1 Qxe6 30. Kh1 Bxf2 31. Ba1 Bb6 32. Qb5 Rh5 33.
Qe2 Qh6 34. e6 Bd8 35. Rg1 Re3 36. Rxg7+ Kf8 37. Rf7+ Kg8 38. Rg7+ Kf8 1/2-1/2